Bilbao - Culture générale - Statistiques

Statistiques générales
  • Ce quiz a été pris 103 fois
  • Le résultat moyen est 7 sur 15
Statistiques - réponses
Information Réponse % Correct
Région autonome dans laquelle la ville se trouve Pays Basque
88%
Peinture grand format de Picasso, qui représente une ville martyr non loin de Bilbao Guernica
72%
Jour de la semaine durant lequel se déroule généralement le pintxo-pote, une sorte de tournée des bars Jeudi
72%
Musée d'art moderne financé par une riche famille américaine. Il a beaucoup contribué à la reconnaissance mondiale de la ville. Musée Guggenheim
72%
Club de football, 24 fois vainqueur de la Coupe du Roi Athletic Club
65%
Golfe qui ouvre la ville à la mer Golfe de {Gascogne}
56%
Moyen de transport qui permet d'atteindre le mont Artxanda Funiculaire
49%
Personnage de fiction qui y frôle la mort dans Le monde ne suffit pas (1999) James Bond
47%
Surnom donné au stade San Mamés lui donnant une atmosphère presque religieuse La Cathédrale
42%
"Révolution" qui entraîna un boom démographique et économique au XIXème siècle Révolution industrielle
42%
Territoire historique (ou province) de cette région que Bilbao préside Biscaye
24%
Plus grand groupe bancaire espagnol, originaire de Bilbao, en témoigne encore son nom BBVA (Banco Bilbao Vizcaya Argentaria)
19%
Architecte star qui a conçu le bâtiment de ce dernier Frank Gehry
16%
Fleuve parfois aussi appelé rià de Bilbao quand il entre dans la ville Nervion
12%
Marché couvert parmi les plus grands d'Europe Marché de la Ribera
6%
Aucun quiz correspondant
Distribution des résultats
% des personnes avec chaque résultat
Percentile par nombre de réponses
Votre historique - résultats
Vous n’avez pas pris ce quiz